Central Library OPAC University of Rajshahi

Letters to Vernon Watkins / (Record no. 24157)

MARC details
000 -LEADER
fixed length control field 00772cam a22002532 4500
001 - CONTROL NUMBER
control field 24157
003 - CONTROL NUMBER IDENTIFIER
rucl marc code BD-RjUL
005 - DATE AND TIME OF LATEST TRANSACTION
control field 20211209001021.0
008 - FIXED-LENGTH DATA ELEMENTS--GENERAL INFORMATION
fixed length control field 140312t1957 nyua 001 0aeng
035 ## - SYSTEM CONTROL NUMBER
System control number (BD-RjUL)24223
040 ## - CATALOGING SOURCE
Original cataloging agency DLC
Transcribing agency WSU
Modifying agency OCL
-- SER
-- OSU
-- BD-RjUL
-- EQO
Language of cataloging eng
041 ## - LANGUAGE CODE
Language code of text/sound track or separate title eng
082 04 - DEWEY DECIMAL CLASSIFICATION NUMBER
Classification number 928.2
Author mark and year THL 1957
100 1# - MAIN ENTRY--PERSONAL NAME
Personal name Thomas, Dylan,
Dates associated with a name 1914-1953.
9 (RLIN) 74420
245 00 - TITLE STATEMENT
Title Letters to Vernon Watkins /
Statement of responsibility, etc. Edited with an introd. by Vernon Watkins.
260 ## - PUBLICATION, DISTRIBUTION, ETC. (IMPRINT)
Place of publication, distribution, etc. New York :
Name of publisher, distributor, etc. Dent and sons,
Date of publication, distribution, etc. 1957.
300 ## - PHYSICAL DESCRIPTION
Pagination 145 p. :
Illustrations illus. ;
Size 21 cm.
504 ## - BIBLIOGRAPHY, ETC. NOTE
Bibliography, etc includes index.
600 10 - SUBJECT ADDED ENTRY--PERSONAL NAME
Personal name Thomas, Dylan,
Dates associated with a name 1914-1953.
700 1# - ADDED ENTRY--PERSONAL NAME
Personal name Watkins, Vernon Phillips,
Dates associated with a name 1906-1967.
942 ## - ADDED ENTRY ELEMENTS (KOHA)
Source of classification or shelving scheme Dewey Decimal Classification
Koha item type Books
Holdings
Lost status Source of classification or shelving scheme Damaged status Not for loan Collection code Permanent Location Current Location Shelving location Date acquired Source of acquisition Cost, normal purchase price Total Checkouts Full call number Date last seen Copy number Koha item type
  Dewey Decimal Classification   Added to bundle Non-fiction Central Library, University of Rajshahi Central Library, University of Rajshahi Reading Room 09/03/1964 Zeitlinger 15.00   928.2 THL 1957 12/03/2014 C-1 Books